000 00473nam a2200181Ia 4500
001 21225
005 20260306172904.0
008 260306t2024||||xx |||||||||||||| ||spa||
041 _aESP
082 _a344.2
_bV67D
100 _aVillegas Paiva, Elky Alexander,
_eAUT
245 0 _aLa teoría del delito y la teoría del caso en el proceso penal
260 _c2024
300 _a285 páginas :
_c25 cm.
650 _aGEN
654 _aCDE
942 _cLIB
_dJUS
_fJUS
_2ddc
_n
999 _c21225
_d21225